|
|
|
|
| LEADER |
01210nab a2200349 i 4500 |
| 001 |
publ8294 |
| 005 |
20190405111510.0 |
| 008 |
170329s2016 hu o 0|| angol d |
| 022 |
|
|
|a 1879-6397
|
| 024 |
7 |
|
|a 10.3233/JHD-150180
|2 doi
|
| 024 |
7 |
|
|a 3069741
|2 mtmt
|
| 040 |
|
|
|a SZTE Publicatio Repozitórium
|b hun
|
| 041 |
|
|
|a angol
|
| 100 |
1 |
|
|a Billes Viktor András
|
| 245 |
1 |
0 |
|a AUTEN-67 (Autophagy Enhancer-67) Hampers the Progression of Neurodegenerative Symptoms in a Drosophila model of Huntington's Disease
|h [elektronikus dokumentum] /
|c Billes Viktor András
|
| 260 |
|
|
|c 2016
|
| 300 |
|
|
|a 133-147
|
| 490 |
0 |
|
|a JOURNAL OF HUNTINGTONS DISEASE
|v 5 No. 2
|
| 700 |
0 |
1 |
|a Kovács Tibor
|e aut
|
| 700 |
0 |
1 |
|a Hotzi Bernadette
|e aut
|
| 700 |
0 |
1 |
|a Manzéger Anna
|e aut
|
| 700 |
0 |
1 |
|a Tagscherer Kinga
|e aut
|
| 700 |
0 |
1 |
|a Komlós Marcell
|e aut
|
| 700 |
0 |
1 |
|a Tarnóci Anna
|e aut
|
| 700 |
0 |
1 |
|a Pádár Zsolt
|e aut
|
| 700 |
0 |
1 |
|a Erdős Attila
|e aut
|
| 700 |
0 |
1 |
|a Bjelik Annamaria
|e aut
|
| 700 |
0 |
1 |
|a Légrádi Ádám
|e aut
|
| 700 |
0 |
1 |
|a Gulya Károly
|e aut
|
| 700 |
0 |
1 |
|a Gulyás Balázs
|e aut
|
| 700 |
0 |
1 |
|a Vellai Tibor
|e aut
|
| 856 |
4 |
0 |
|u http://publicatio.bibl.u-szeged.hu/8294/1/JHD150180_1_u.pdf
|z Dokumentum-elérés
|